[Event "Open Lungo Itinerante"]
[Site "?"]
[Date "2024.05.06"]
[Round "4"]
[White "Paglione, Ilario"]
[Black "Gentile, Vittorio"]
[Result "1-0"]
[WhiteElo "1778"]
[BlackElo "1675"]
[PlyCount "97"]
[EventDate "2024.??.??"]
[SourceVersionDate "2024.05.11"]

1. d4 Nf6 2. c4 e6 3. Nf3 b6 4. g3 Bb7 5. Bg2 Bb4+ 6. Bd2 Bxd2+ 7. Qxd2 d6 8. O-O O-O 9. Nc3 Nbd7 10. Rfd1 Re8 11. Qc2 Qe7 12. e4 e5 13. d5 Nf8 14. Rf1 Ng6 15. h4 Rf8 16. Nd1 Bc8 17. Ne3 Qe8 18. Nh2 Bd7 19. Qe2 h6 20. Rae1 Qc8 21. h5 Ne7 22. f4 Bh3 23. fxe5 dxe5 24. Rxf6 Bxg2 25. Kxg2 gxf6 26. Nhg4 Kg7 27. Rf1 f5 28. Nxf5+ Nxf5 29. Rxf5 f6 30. Qd2 Rh8 31. Nxf6 Rf8 32. Ng4 Rxf5 33. Qxh6+ Kf7 34. Qh7+ Kf8 35. exf5 Qe8 36. Qh8+ Ke7 37. Qxe5+ Kd8 38. Qxe8+ Kxe8 39. Ne3 Kf7 40. Kf3 Re8 41. g4 Kf6 42. Kf4 Rg8 43. Nc2 Rg7 44. Nd4 Re7 45. g5+ Kf7 46. Ne6 a5 47. Ke5 Rd7 48. g6+ Kg8 49. f6 1-0